The persian gulf and the balance of power (Record no. 549724)

000 -LEADER
fixed length control field 00360nam a22001337a 4500
082 ## - DEWEY DECIMAL CLASSIFICATION NUMBER
Classification number 953.6
Author Mark KHA
-- L-30-11, P-68
100 ## - MAIN ENTRY--PERSONAL NAME
Personal name Khan, Shahid A.
9 (RLIN) 46375
245 ## - TITLE STATEMENT
Title The persian gulf and the balance of power
Statement of responsibility, etc. Major Shahid A. Khan
260 ## - PUBLICATION, DISTRIBUTION, ETC.
Date of publication, distribution, etc. 1982
300 ## - PHYSICAL DESCRIPTION
Extent 118.p:
526 ## - STUDY PROGRAM INFORMATION NOTE
Program name 0
Interest level 0
Reading level 0
Title point value 953_600000000000000_KHA
650 ## - SUBJECT ADDED ENTRY--TOPICAL TERM
Topical term or geographic name entry element MCE
9 (RLIN) 379
942 ## - ADDED ENTRY ELEMENTS (KOHA)
Source of classification or shelving scheme
Koha item type Book
Holdings
Withdrawn status Lost status Source of classification or shelving scheme Damaged status Not for loan Permanent Location Current Location Date acquired Total Checkouts Full call number Barcode Date last seen Date last checked out Price effective from Koha item type
          Military College of Engineering (MCE) Military College of Engineering (MCE) 10/13/2014 2 953.6 KHA MCE-9231 10/01/2020 09/14/2020 10/13/2014 Book
© 2023 Central Library, National University of Sciences and Technology. All Rights Reserved.